| 000 | 00381nam a2200133Ia 4500 | ||
|---|---|---|---|
| 008 | 130318s9999 xx 000 0 und d | ||
| 020 | _a9780761932604 | ||
| 082 | _a351 BHA/E | ||
| 100 | _aBhatnagar, Subhash | ||
| 245 | _aE-government: From vision to implementation, a practical guide with case studies | ||
| 260 |
_bSage _aNew Delhi _c2004 |
||
| 300 | _a202 | ||
| 650 | _aE-GOVERNANCE | ||
| 999 |
_c1494 _d1494 |
||